01605nam a2200373 i 4500001001000000003000900010005001700019007000300036008004100039040003000080082003000110110009700140245019000237264007000427300004500497336002700542337003300569338002800602504003500630590002600665650003000691650003400721650003300755700003500788700003700823700004500860700004100905700003500946700003600981910004101017942001401058952014201072999001701214000013762DO-SdBNP20250130135907.0ta091130s1986 dr a r 000 0 spa d aDO-SdBNPbspacBNPHUerda 4a371.3028bR426t, 19862221 aRepública Dominicana.bSecretaría de Estado de Educación, Bellas Artes y Cultos92396510aTécnicas de estudio /cAlba R. Acosta Rosario, Fabiola Castillo Acevedo, Orfelina P. Fernández García, María Iluminada Nova de D., Octavio Muñoz Díaz, Giovanny Ubri Mejía. 1aSanto Domingo :bDirección General de Medios Educativos,c1986. a142 páginas :bilustraciones ;c25 cm. atextobtxt2rdacontent asin mediaciónbn2rdamedia avolumenbnc2rdacarrier aBibliografía : páginas 142 aInventariado, 2018/BT 4aMétodos de estudio9735 4aCapacitación docente917398 4aMedios de enseñanza9312361 aAcosta Rosario, Alba R.9312371 aCastillo Acevedo, Fabiola9312381 aFernández García, Orfelina L.9312391 aNova D., María Iluminada de9312401 aMuñoz Díaz, Octavio9312411 aUbrí Mejía, Giovanny931242 aValidado. Control de la calidad. EMS 2ddccLBS1 00102ddc51708PDaBNPHUbBNPHUcHDd2009-11-30l0oBNPHU PD 371.3028 R426t, 1986p13762-10r2020-06-25w2020-06-25yLBS1ZNo se presta c13375d13375